Les surnoms du Clube de Regatas do Flamengo - Statistiques

Statistiques générales
  • Ce quiz a été pris 5 fois
  • Le résultat moyen est 4 sur 7
Statistiques - réponses
Réponse % Correct
Urubu
80%
Fla
60%
Mengão
60%
Mengo
60%
Rubro-Negro
60%
O mais querido do Brasil
40%
Time do povo
40%
Aucun quiz correspondant
Distribution des résultats
% des personnes avec chaque résultat
Percentile par nombre de réponses
Votre historique - résultats
Vous n’avez pas pris ce quiz